00308nam a2200109Ia 4500008004100000041000800041082001400049100001800063245006600081260003200147300001900179241028s9999 xx 000 0 und d aeng a658.8 SIM aHermann Simon aPrice Management Strategy, Analysis, Decision, Implementation bSpringeraSwitzerlandc2019 a558;. P. 24 cm